Verhaltensorientierte Einflüsse auf die Preissetzung von Unternehmen diplomová práca

Gespeichert in:
Bibliographische Detailangaben
1. Verfasser: Pavlovič, Marek
Körperschaften: Ekonomická univerzita v Bratislave. Fakulta hospodárskej informatiky, Martin-Luther-Universität Halle-Wittenberg
Weitere Verfasser: Weiser, Christoph
Format: Buch
Sprache:Deutsch
Veröffentlicht: Bratislava 2017
Tags: Tag hinzufügen
Keine Tags, Fügen Sie das erste Tag hinzu!

MARC

LEADER 00000nbm a2200000 4500
001 0239920
005 20240918085857.4
041 0 |a ger 
044 |a SK 
245 1 0 |a Verhaltensorientierte Einflüsse auf die Preissetzung von Unternehmen  |b diplomová práca  |c Marek Pavlovič ; školiteľ: Christoph Weiser 
264 1 |a Bratislava  |c 2017 
300 |a 44 s. 
100 1 |a Pavlovič, Marek 
700 1 |a Weiser, Christoph 
710 2 |a Ekonomická univerzita v Bratislave. Fakulta hospodárskej informatiky 
710 2 |a Martin-Luther-Universität Halle-Wittenberg